| 000 | 00548nam a2200205Ia 4500 | ||
|---|---|---|---|
| 001 | 65750 | ||
| 008 | 230201n ii |||gr||||Z||||||asm | ||
| 020 | _a8176650692 | ||
| 041 | _aasm | ||
| 082 | _a891.41 | ||
| 100 | _aBorgohain, Homen. | ||
| 245 | 0 |
_aBichitra Abhigyata aru Anubhuti _cBy Homen Borgohain _hTextual Documents |
|
| 250 | _a5th rev edn. | ||
| 260 |
_aGuwahati _bStudent`s Stores |
||
| 300 |
_a119pg: _c23cm. |
||
| 653 | _aAssamese | ||
| 653 | _aBichitra Abhigyata aru Anubhuti | ||
| 653 | _aG--H B Collection | ||
| 942 |
_2ddc _cBK |
||
| 999 |
_c66843 _d66843 |
||